| 000 | 02618ncm0a2200433 4500 | ||
|---|---|---|---|
| 001 | RU\NLR\ONIZ\292769 | ||
| 005 | 20260215045226.0 | ||
| 035 | _a(NLR Aleph) 022722306 | ||
| 071 | 2 | 0 | _a5202 |
| 090 |
_a13550474 _c13550474 |
||
| 100 | _a20220922d1882 u y0rusy50 ca | ||
| 101 | 0 |
_arus _ager |
|
| 102 | _aRU | ||
| 125 | _az| | ||
| 128 | _armc | ||
| 145 | 0 | _ac | |
| 200 | 1 |
_aНяня _bНоты _e"Ах няня, няня, что со мною..." _dAch! Muhme _zger _eроманс _eдля меццо-сопрано или баритона [с фортепиано] _fсочинение А. Николаева |
|
| 203 |
_aМузыка _bзнаковая _bвизуальная _cнепосредственная |
||
| 205 | _aНовое издание | ||
| 210 |
_aМосква _cу П. Юргенсона _dценз. 1882 |
||
| 215 |
_a7 с. _d33 см |
||
| 300 | _aЛит. текст рус., нем. | ||
| 313 | _aСистематизация документа проведена по изданию - Методика классифицирования музыкальных произведений (нотных изданий) по таблицам Библиотечно-библиографических классификаций : метод. рекомендации / Гос. б-ка СССР им. В.И. Ленина.- М., 1977. Индексу ББК методических рекомендаций присваивается код ББК для научных библиотек - LBC/SL | ||
| 606 | 1 |
_aВокальная музыка русская _z19 в. _jНоты _2nlr_sh |
|
| 606 | 1 |
_aРомансы для меццо-сопрано с фортепиано _yРоссия _z19 в. _jНоты _2nlr_sh |
|
| 606 | 1 |
_aРомансы для баритона с фортепиано _yРоссия _z19 в. _jНоты _2nlr_sh |
|
| 606 | 1 |
_aМузыкальные произведения для меццо-сопрано и фортепиано _yРоссия _z19 в. _jНоты _2nlr_sh |
|
| 606 | 1 |
_aМузыкальные произведения для баритона с фортепиано _yРоссия _z19 в. _jНоты _2nlr_sh |
|
| 686 | 0 | _aЩ943.2-42-043.3(28) | |
| 700 | 1 |
_9z02790 _aНиколаев _bА. Н. _f1836-1904 _gАлександр Николаевич _4230 _7ca |
|
| 790 | 1 |
_9z02700 _aNikolaev _bA. N. _f1836-1904 _gAleksandr Nikolaevič _4230 _7ca |
|
| 801 | 0 |
_aRU _bNLR _c20220922 _gPSBO |
|
| 801 | 1 |
_aRU _bNLR _c20220922 _2rusmarc |
|
| 801 | 2 |
_aRU _bNLR _c20220922 |
|
| 852 |
_aNLR _gМ _jК-4/5561 _m269269 _t1 |
||
| 942 | _cSCORE | ||
| 980 | _aONIZ | ||
| 980 | _aNB | ||